| 000 | 00364nam a2200121Ia 4500 | ||
|---|---|---|---|
| 008 | 210430s9999 xx 000 0 und d | ||
| 082 | _a541.39 J821 R | ||
| 100 |
_aRobert B.Jordan _952803 |
||
| 245 |
_aReaction Mechanisms of Inorganic And Organometallic Systems _cRobert B.Jordan |
||
| 260 |
_aNew york _bMadison Avenue _c1991 |
||
| 300 | _a371p | ||
| 942 |
_cBK _2ddc |
||
| 999 |
_c562261 _d562261 |
||